Her alibi (Record no. 63259)
[ view plain ]
| 000 -LEADER | |
|---|---|
| fixed length control field | 01016cgm a2200289Ma 4500 |
| 001 - CONTROL NUMBER | |
| control field | ocm65950761 |
| 003 - CONTROL NUMBER IDENTIFIER | |
| control field | OCoLC |
| 005 - DATE AND TIME OF LATEST TRANSACTION | |
| control field | 20241220123713.0 |
| 008 - FIXED-LENGTH DATA ELEMENTS--GENERAL INFORMATION | |
| fixed length control field | 010828s1989 cau094 vleng d |
| 040 ## - CATALOGING SOURCE | |
| Original cataloging agency | REDDC |
| Transcribing agency | REDDC |
| Modifying agency | OCLCQ |
| -- | UINTA |
| 035 ## - SYSTEM CONTROL NUMBER | |
| System control number | (OCoLC)65950761 |
| 049 ## - LOCAL HOLDINGS (OCLC) | |
| Holding library | UCLB |
| 092 ## - LOCALLY ASSIGNED DEWEY CALL NUMBER (OCLC) | |
| Classification number | 791.437 |
| 245 00 - TITLE STATEMENT | |
| Title | Her alibi |
| Medium | [videorecording] / |
| Statement of responsibility, etc | a Keith Barish Productions. |
| 260 ## - PUBLICATION, DISTRIBUTION, ETC. (IMPRINT) | |
| Place of publication, distribution, etc | Burbank, CA : |
| Name of publisher, distributor, etc | Warners Bros., |
| Date of publication, distribution, etc | c1989. |
| 300 ## - PHYSICAL DESCRIPTION | |
| Extent | 1 videodisc (94 min.) : |
| Other physical details | sd., col. ; |
| Dimensions | 4 3/4 in. |
| 520 ## - SUMMARY, ETC. | |
| Summary, etc | A mysterious Romanian beauty arraigned for murder. Tom Selleck andPaulina Porizkova team in this frothy blend of mystery, comedy and romance directed by Bruce Beresford. |
| 650 #0 - SUBJECT ADDED ENTRY--TOPICAL TERM | |
| Topical term or geographic name as entry element | Feature films. |
| 9 (RLIN) | 6196057 |
| 700 1# - ADDED ENTRY--PERSONAL NAME | |
| Personal name | Selleck, Tom, |
| Dates associated with a name | 1945- |
| 9 (RLIN) | 24610 |
| 700 1# - ADDED ENTRY--PERSONAL NAME | |
| Personal name | Porizkova, Paulina. |
| 9 (RLIN) | 36463 |
| 700 1# - ADDED ENTRY--PERSONAL NAME | |
| Personal name | Daniels, Williams. |
| 9 (RLIN) | 6196058 |
| 700 1# - ADDED ENTRY--PERSONAL NAME | |
| Personal name | Farentino, James. |
| 9 (RLIN) | 6196059 |
| 710 2# - ADDED ENTRY--CORPORATE NAME | |
| Corporate name or jurisdiction name as entry element | Warners Bros Production. |
| 9 (RLIN) | 6196060 |
| 942 ## - ADDED ENTRY ELEMENTS (KOHA) | |
| Koha item type | DVD |
| 994 ## - | |
| -- | C0 |
| -- | UINTA |
| 998 ## - LOCAL CONTROL INFORMATION (RLIN) | |
| -- | a126857 |
| Withdrawn status | Lost status | Source of classification or shelving scheme | Damaged status | Not for loan | Collection code | Home library | Current library | Shelving location | Date acquired | Source of acquisition | Total Checkouts | Total Renewals | Full call number | Barcode | Date last seen | Date checked out | Cost, replacement price | Price effective from | Koha item type |
|---|---|---|---|---|---|---|---|---|---|---|---|---|---|---|---|---|---|---|---|
| Dewey Decimal Classification | Movies | Wasatch County Library | Wasatch County Library | Audio Visual Area | 12/10/2020 | Donation | 4 | 8 | DVD Her | 34301001707084 | 02/27/2025 | 02/03/2025 | 9.99 | 12/10/2020 | DVD |
